Ako prísť k prezidentovi?

Bibliographic Details
Main Author: Tóth, Rastislav, 1947- (Author)
Format: Article
Language:Slovak
Subjects:

MARC

LEADER 00000nab a2200000 a 4500
001 vtls000663367
003 SK-MaSNL
005 20260302182933.0
008 180205c1998 xo 0 slo
015 |a SNBRB1998/05-14587 
035 |a CLN000015554 
040 |a SNKBUCL  |b slo  |c SNKBUCL  |e AACR2 
041 0 |a slo 
044 |a xo  |c SK 
080 |a 324(437.6):342.511  |2 UDC-MRF-SK2 
100 1 |a Tóth, Rastislav,  |d 1947-  |4 aut  |9 207398 
245 1 0 |a Ako prísť k prezidentovi?  |c Rastislav Tóth 
650 0 7 |a prezidentské voľby  |z Slovensko  |y 1998  |2 snkbucl  |9 13232 
655 7 |a články z novín a časopisov  |2 snkbucl  |9 267496 
773 0 |t Extra  |g Roč. 7, č. 22 (1998), s. 2 
850 |a Slovenská národná knižnica v Martine 
852 |a SNK  |b KIS3GCP 
958 |a RBX 
999 |c 1419921  |d 1421851